000 01091nam a22002657a 4500
001 BD-DhSAU 8770
003 BD-DhSAU
005 20181212104153.0
008 150613b2011 bg a||||r|||| 000 0 eng d
040 _aBD-DhSAU
082 _222
_a630.2
_bZ133
100 _aZahan, Naowshin
_eRegistration No. # 05-01711
245 _aEffects of different doses of urea as ball placement and broadcast on yield and nutrient content of T. Aman rice (oryza sativa L.) /
_bMS thesis
_cby Naowshin Zahan
260 _aSher-e- Bangla Agricultural University :
_bDepartment of Chemistry,
_c2011.
300 _ax, 66 p. :
_bill. ;
_c30 cm.
500 _aMS thesis of Department of Chemistry, Faculty of Agriculture, Sher-e-Bangla Agricultural University, Dhaka, Bangladesh
590 _ajoy
650 _aChemistry.
650 _aoryza sativa L.
650 _aDoses of urea
700 _aMazumder, Md. Azizur Rahman
_eSupervisor
700 _aRazzaque, Md. Abdur
_eCo-Supervisor
856 _uhttp://archive.saulibrary.edu.bd:8080/xmlui/handle/123456789/1942
942 _2ddc
_cTHESIS
999 _c8770
_d8770